000 00518nmm a2200193Ia 4500
008 251105s9999||||xx |||||||||||||||||und||
020 _a9788490653531
041 _aspa
100 _aKent, Hannah
245 0 _aLos Buenos
264 _a[Madrid, España] :
_bAlba Editorial,
_c2017
300 _a430 páginas
490 _aAlba Contemporánea
650 _aOther narratives
700 _aKent, Hannah
700 1 _a Vidal Sanz, Laura
856 _uhttps://public.digitaliapublishing.com/a/80209
942 _cCF
999 _c67437
_d67437